[Event "BL 0405 Stuttgarter Sfr - TV Tegernsee"]
[Site "?"]
[Date "2004.11.26"]
[Round "7.7"]
[White "Stangl, Markus"]
[Black "Heinatz, Thomas"]
[Result "1/2-1/2"]
[WhiteElo "2478"]
[BlackElo "2281"]
[PlyCount "84"]
[EventDate "2004.??.??"]

1. Nf3 Nf6 2. c4 c5 3. Nc3 g6 4. d4 cxd4 5. Nxd4 Nc6 6. Nc2 Bg7 7. e4 b6 8. Be2
Bb7 9. O-O Rc8 10. Bf4 d6 11. Na3 O-O 12. Qd2 Nd7 13. Bh6 Nc5 14. Rad1 a6 15.
Bxg7 Kxg7 16. f4 Rc7 17. Nd5 Rd7 18. Qe3 e6 19. Nc3 Re8 20. Nc2 d5 21. cxd5
exd5 22. Nxd5 Rxe4 23. Qc3+ f6 24. Nde3 Ree7 25. Bf3 Ne4 26. Bxe4 Rxe4 27.
Rxd7+ Qxd7 28. Rd1 Qf7 29. Nd5 Nd4 30. Rxd4 Rxd4 31. Qxd4 Qxd5 32. Qxd5 Bxd5
33. Nb4 Bb7 34. Kf2 a5 35. Nc2 Kf7 36. Ne3 Ke6 37. Nc4 Bd5 38. Nxb6 Bxa2 39.
Ke3 Kf5 40. Nc8 Bb3 41. Ne7+ Kg4 42. Ke4 Bc2+ 1/2-1/2

[Event "BL 0405 Stuttgarter Sfr - TV Tegernsee"]
[Site "?"]
[Date "2004.11.26"]
[Round "7.8"]
[White "Schmid, Wolfgang"]
[Black "Gross, David"]
[Result "1/2-1/2"]
[WhiteElo "2236"]
[BlackElo "2465"]
[PlyCount "104"]
[EventDate "2004.??.??"]

1. e4 c5 2. Nf3 e6 3. d4 cxd4 4. Nxd4 Nc6 5. Nxc6 bxc6 6. Bd3 Nf6 7. O-O Qc7 8.
c4 Bc5 9. Nc3 d6 10. Qe2 O-O 11. Be3 Bxe3 12. Qxe3 e5 13. b4 Be6 14. Rfc1 Nd7
15. Rab1 a5 16. a3 axb4 17. axb4 Ra3 18. Qd2 Qa7 19. Ne2 Rd8 20. h3 h6 21. Rc3
c5 22. Rxa3 Qxa3 23. b5 Nb6 24. Qc2 Rb8 25. Ng3 g6 26. Nf1 Ra8 27. Ne3 Qa4 28.
Qc3 Qa2 29. Rd1 Qa3 30. Qc2 Qb4 31. Bf1 Nc8 32. Rb1 Qa5 33. Qd1 Qb6 34. Be2 h5
35. Ra1 Ra5 36. Qe1 Ra7 37. Qb1 Qb7 38. Rxa7 Qxa7 39. Qd3 Kf8 40. Nd5 Bxd5 41.
Qxd5 Ke7 42. g4 hxg4 43. hxg4 Qc7 44. Qd2 Qb7 45. Qg5+ Ke8 46. f3 Qa7 47. Qd2
Qa1+ 48. Kg2 Ke7 49. Qg5+ Ke8 50. Qd2 Qd4 51. Qa5 Kd7 52. Kf1 Qb2 1/2-1/2

[Event "BL 0405 SV Werder Bremen - Erfurter SK"]
[Site "?"]
[Date "2004.11.26"]
[Round "7.1"]
[White "Haba, Petr"]
[Black "Hracek, Zbynek"]
[Result "1/2-1/2"]
[WhiteElo "2520"]
[BlackElo "2595"]
[PlyCount "69"]
[EventDate "2004.??.??"]

1. d4 Nf6 2. c4 e6 3. g3 c5 4. Nf3 cxd4 5. Nxd4 Qc7 6. Nd2 Nc6 7. N4f3 d5 8.
Bg2 d4 9. O-O e5 10. e3 dxe3 11. fxe3 Be7 12. Ng5 O-O 13. Nde4 Nxe4 14. Nxe4
Be6 15. b3 Rad8 16. Qe2 f5 17. Nc3 e4 18. Bb2 Bf6 19. Rad1 Qa5 20. Nd5 Bxb2 21.
Nf4 Bf7 22. Qxb2 Qc5 23. Qe2 Ne5 24. h3 g5 25. Nd5 Bxd5 26. Rxd5 Rxd5 27. cxd5
g4 28. hxg4 Nxg4 29. Rxf5 Qc1+ 30. Rf1 Rxf1+ 31. Bxf1 Nxe3 32. Kf2 Nd1+ 33. Kg2
Ne3+ 34. Kf2 Nd1+ 35. Kg2 1/2-1/2

[Event "BL 0405 SV Werder Bremen - Erfurter SK"]
[Site "?"]
[Date "2004.11.26"]
[Round "7.2"]
[White "Pelletier, Yannick"]
[Black "Votava, Jan"]
[Result "1/2-1/2"]
[WhiteElo "2589"]
[BlackElo "2505"]
[PlyCount "80"]
[EventDate "2004.??.??"]

1. e4 c5 2. Nf3 e6 3. d4 cxd4 4. Nxd4 a6 5. Nc3 b5 6. Bd3 d6 7. O-O Nf6 8. f4
Be7 9. Kh1 Bb7 10. e5 Nd5 11. Ne4 Nc6 12. Nxc6 Bxc6 13. Qg4 g6 14. b3 O-O 15.
Qh3 a5 16. Bb2 dxe5 17. fxe5 Nb4 18. Nf6+ Bxf6 19. exf6 Qd5 20. Be2 Rfc8 21. c3
Nc2 22. Rad1 Qe5 23. Bf3 Bxf3 24. Rxf3 Rd8 25. Rdf1 h5 26. Bc1 Rd5 27. R3f2 Ne1
28. c4 Rd1 29. Bb2 Qe4 30. Qg3 Rad8 31. Kg1 bxc4 32. Qg5 Kh7 33. bxc4 Qxc4 34.
Qxa5 Nxg2 35. Kxg2 Qg4+ 36. Kh1 Rxf1+ 37. Rxf1 Qe4+ 38. Kg1 Qg4+ 39. Kh1 Qe4+
40. Kg1 Qg4+ 1/2-1/2

[Event "BL 0405 SV Werder Bremen - Erfurter SK"]
[Site "?"]
[Date "2004.11.26"]
[Round "7.3"]
[White "Machelett, Heiko"]
[Black "Efimenko, Zahar"]
[Result "0-1"]
[WhiteElo "2401"]
[BlackElo "2594"]
[PlyCount "60"]
[EventDate "2004.??.??"]

1. d4 g6 2. e4 d6 3. Nf3 Bg7 4. Bd3 c5 5. d5 Bg4 6. O-O Nf6 7. Nbd2 O-O 8. Re1
Qc7 9. h3 Bxf3 10. Nxf3 c4 11. Bf1 c3 12. b3 Nbd7 13. Bf4 Nh5 14. Be3 Rac8 15.
a4 Nc5 16. Bd4 Nf6 17. Re3 Ncxe4 18. Qe2 Nd2 19. Rxc3 Nxf3+ 20. Qxf3 Qa5 21.
Re1 Nxd5 22. Bxg7 Kxg7 23. Rxc8 Rxc8 24. Rd1 Nc3 25. Re1 Rc7 26. Bc4 Nd5 27.
Rd1 Nf6 28. Qe3 Qc5 29. Qf3 e6 30. Bd3 Qc3 0-1

[Event "BL 0405 SV Werder Bremen - Erfurter SK"]
[Site "?"]
[Date "2004.11.26"]
[Round "7.4"]
[White "Babula, Vlastimil"]
[Black "Casper, Thomas"]
[Result "1-0"]
[WhiteElo "2571"]
[BlackElo "2412"]
[PlyCount "73"]
[EventDate "2004.??.??"]

1. d4 Nf6 2. c4 d6 3. Nf3 Nbd7 4. Nc3 e5 5. e4 g6 6. Be2 Bg7 7. O-O O-O 8. Re1
c6 9. Bf1 Qe7 10. Rb1 Re8 11. d5 c5 12. a3 Rf8 13. b4 Ne8 14. Rb3 Kh8 15. Qc2
b6 16. Na4 Nef6 17. bxc5 Nxc5 18. Nxc5 bxc5 19. Bg5 Qc7 20. Reb1 Ng8 21. Bd2
Bh6 22. Bc3 f5 23. exf5 gxf5 24. Re1 Nf6 25. Nxe5 dxe5 26. Bxe5 Qf7 27. Rb5 Bg7
28. Rxc5 Bd7 29. Rc7 Rae8 30. Rxa7 Kg8 31. c5 Ng4 32. Bc3 Rxe1 33. Bxe1 Bd4 34.
Qc4 Qg7 35. Rxd7 Bxf2+ 36. Bxf2 Qxd7 37. d6+ 1-0

[Event "BL 0405 SV Werder Bremen - Erfurter SK"]
[Site "?"]
[Date "2004.11.26"]
[Round "7.5"]
[White "Brueggemann, Joachim"]
[Black "Fish, Gennadij"]
[Result "1/2-1/2"]
[WhiteElo "2404"]
[BlackElo "2523"]
[PlyCount "53"]
[EventDate "2004.??.??"]

1. e4 c5 2. Nf3 e6 3. d4 cxd4 4. Nxd4 Nf6 5. Nc3 d6 6. g4 e5 7. Bb5+ Bd7 8.
Bxd7+ Qxd7 9. Nf5 h5 10. g5 Nxe4 11. Nxg7+ Bxg7 12. Nxe4 d5 13. Nc3 e4 14. Nxd5
Nc6 15. Be3 O-O-O 16. c4 Bxb2 17. Rb1 Ne5 18. Qc2 Nf3+ 19. Kd1 Bd4 20. Qxe4
Bxe3 21. Qxe3 Qa4+ 22. Rb3 Nd4 23. Qxd4 Rxd5 24. Qxd5 Rd8 25. Qxd8+ Kxd8 26.
Re1 Qxc4 27. Re2 1/2-1/2

[Event "BL 0405 SV Werder Bremen - Erfurter SK"]
[Site "?"]
[Date "2004.11.26"]
[Round "7.6"]
[White "Schandorff, Lars"]
[Black "Mueller, Matthias"]
[Result "1/2-1/2"]
[WhiteElo "2510"]
[BlackElo "2362"]
[PlyCount "41"]
[EventDate "2004.??.??"]

1. d4 d5 2. c4 e6 3. Nf3 Nf6 4. g3 dxc4 5. Bg2 Nc6 6. O-O Rb8 7. Nc3 b5 8. e4
Be7 9. Qe2 O-O 10. Rd1 a6 11. h3 Bb7 12. g4 Nb4 13. Ne1 c5 14. d5 exd5 15. exd5
Re8 16. Be3 Nd7 17. a3 Nd3 18. Nxd3 cxd3 19. Qxd3 Bf6 20. Qc2 c4 21. Ne4
1/2-1/2

[Event "BL 0405 SV Werder Bremen - Erfurter SK"]
[Site "?"]
[Date "2004.11.26"]
[Round "7.7"]
[White "Voekler, Bernd"]
[Black "Knaak, Rainer"]
[Result "1/2-1/2"]
[WhiteElo "2376"]
[BlackElo "2486"]
[PlyCount "62"]
[EventDate "2004.??.??"]

1. e4 e6 2. d4 d5 3. Nc3 Nf6 4. e5 Nfd7 5. f4 c5 6. Nf3 Nc6 7. Be3 cxd4 8. Nxd4
Bc5 9. Qd2 Nxd4 10. Bxd4 Bxd4 11. Qxd4 Qb6 12. Qxb6 Nxb6 13. Nb5 Ke7 14. O-O-O
Bd7 15. Nd4 h5 16. Bd3 Bc6 17. h4 Nd7 18. Rh3 g6 19. b3 Rac8 20. Kb2 a6 21. Re3
Rc7 22. Rd2 Nc5 23. g3 b5 24. c3 Rhc8 25. Bc2 Be8 26. a3 Nd7 27. Bd1 Rb8 28.
Ne2 Nb6 29. Nd4 Nc8 30. Be2 Na7 31. Bf1 Bd7 1/2-1/2

[Event "BL 0405 SV Werder Bremen - Erfurter SK"]
[Site "?"]
[Date "2004.11.26"]
[Round "7.8"]
[White "Skripchenko-Lautier, Almira"]
[Black "Enders, Peter"]
[Result "0-1"]
[WhiteElo "2474"]
[BlackElo "2456"]
[PlyCount "112"]
[EventDate "2004.??.??"]

1. e4 c6 2. d4 d5 3. Nc3 dxe4 4. Nxe4 Nd7 5. Bd3 Ngf6 6. Ng5 e6 7. N1f3 Bd6 8.
Qe2 h6 9. Ne4 Nxe4 10. Qxe4 Nf6 11. Qe2 O-O 12. O-O b6 13. Ne5 Bb7 14. Re1 c5
15. dxc5 Bxc5 16. c4 Qd4 17. Rd1 Qh4 18. Be3 Rad8 19. h3 Bd4 20. Bxd4 Rxd4 21.
Qe3 Rfd8 22. Bc2 Qg5 23. Qxg5 hxg5 24. Rxd4 Rxd4 25. Rd1 Rxd1+ 26. Bxd1 Kf8 27.
Kf1 Ke7 28. Bf3 Bxf3 29. Nxf3 g4 30. hxg4 Nxg4 31. Ke2 Kd6 32. b4 f6 33. a3 g5
34. Nd2 Ke5 35. Nf3+ Ke4 36. a4 Nh6 37. c5 bxc5 38. bxc5 Kd5 39. c6 Kxc6 40.
Nd4+ Kd5 41. Nb5 a5 42. Kd3 Ng4 43. f3 Ne5+ 44. Kc3 Nd7 45. Nc7+ Kd6 46. Nb5+
Ke5 47. Nd4 Nc5 48. Nc6+ Kf4 49. Nxa5 Nxa4+ 50. Kd4 Kg3 51. Nb3 Kxg2 52. Ke3 f5
53. Nd4 Nc5 54. Nc2 e5 55. Ke2 f4 56. Ne1+ Kg3 0-1

[Event "BL 0405 SV Mülheim Nord - SF Katernberg"]
[Site "?"]
[Date "2005.01.28"]
[Round "7.1"]
[White "Naiditsch, Arkadij"]
[Black "Landa, Konstantin"]
[Result "1/2-1/2"]
[WhiteElo "2611"]
[BlackElo "2571"]
[PlyCount "47"]
[EventDate "2005.??.??"]

1. e4 e5 2. Nf3 Nf6 3. Nxe5 d6 4. Nf3 Nxe4 5. Nc3 Nxc3 6. dxc3 Be7 7. Be3 Nc6
8. Qd2 Ne5 9. O-O-O Nxf3 10. gxf3 Be6 11. Bd3 c6 12. c4 d5 13. Qc3 O-O 14. Rhg1
g6 15. cxd5 cxd5 16. Bd4 Rc8 17. Qd2 Bf6 18. Qf4 Bxd4 19. Qxd4 Qa5 20. f4 Qc5
21. Qf6 Qxf2 22. Rdf1 Qe3+ 23. Kb1 Bh3 24. Re1 1/2-1/2

[Event "BL 0405 SV Mülheim Nord - SF Katernberg"]
[Site "?"]
[Date "2005.01.28"]
[Round "7.2"]
[White "Fridman, Daniel"]
[Black "Glek, Igor V"]
[Result "1/2-1/2"]
[WhiteElo "2578"]
[BlackElo "2580"]
[PlyCount "85"]
[EventDate "2005.??.??"]

1. d4 Nf6 2. Nf3 g6 3. c4 Bg7 4. Nc3 O-O 5. e4 d6 6. Be2 e5 7. O-O exd4 8. Nxd4
Re8 9. f3 Nc6 10. Be3 Nh5 11. Nxc6 bxc6 12. Qd2 c5 13. Rad1 Bb7 14. Rfe1 Nf6
15. Bf1 Nd7 16. b3 Nf8 17. Nd5 Ne6 18. b4 cxb4 19. Qxb4 Qc8 20. Rb1 Ba6 21.
Red1 c5 22. Qa5 Bb7 23. Nc3 Rd8 24. Nb5 Be5 25. Qd2 a6 26. Nc3 Qc7 27. Nd5 Bxd5
28. cxd5 Nd4 29. Bc4 Rdb8 30. Qd3 a5 31. Kf2 f5 32. f4 fxe4 33. Qxe4 Bg7 34.
Rxb8+ Rxb8 35. Rb1 Rxb1 36. Qxb1 Nf5 37. Bd2 Qd8 38. g3 h5 39. Qe4 Qb6 40. Qe8+
Kh7 41. Qb5 Qd8 42. Qb1 Qf6 43. Kg2 1/2-1/2

[Event "BL 0405 SV Mülheim Nord - SF Katernberg"]
[Site "?"]
[Date "2005.01.28"]
[Round "7.3"]
[White "Chuchelov, Vladimir"]
[Black "Schebler, Gerhard"]
[Result "1-0"]
[WhiteElo "2571"]
[BlackElo "2496"]
[PlyCount "55"]
[EventDate "2005.??.??"]

1. Nf3 Nc6 2. d4 d5 3. g3 Bf5 4. Bg2 Nb4 5. Na3 e6 6. O-O Be7 7. c3 Nc6 8. c4
Bxa3 9. bxa3 Be4 10. cxd5 exd5 11. Bh3 Bxf3 12. exf3 Nge7 13. Rb1 Rb8 14. Re1
O-O 15. Qd3 Nc8 16. Bf5 Nd6 17. Bxh7+ Kh8 18. Bf5 Nxf5 19. Qxf5 Nxd4 20. Qd3
Qf6 21. Kg2 c5 22. Bb2 Rbc8 23. Rbd1 Rfd8 24. Bxd4 cxd4 25. Qxd4 Qxd4 26. Rxd4
Rd7 27. Re5 Rc3 28. Rh4+ 1-0

[Event "BL 0405 SV Mülheim Nord - SF Katernberg"]
[Site "?"]
[Date "2005.01.28"]
[Round "7.4"]
[White "Saltaev, Mihail"]
[Black "Smagin, Sergey"]
[Result "0-1"]
[WhiteElo "2485"]
[BlackElo "2565"]
[PlyCount "108"]
[EventDate "2005.??.??"]

1. e4 e5 2. Nf3 Nc6 3. Bb5 a6 4. Ba4 Nf6 5. d3 b5 6. Bb3 Be7 7. a4 b4 8. Bd5
Nxd5 9. exd5 Nd4 10. Nxe5 b3 11. cxb3 Rb8 12. Be3 Nxb3 13. Ra2 O-O 14. O-O Qe8
15. Nc3 f6 16. Nc4 Qf7 17. Re1 Re8 18. h3 Bf8 19. Bf4 Rxe1+ 20. Qxe1 d6 21. Qe3
Bf5 22. Ra3 Nc5 23. Ne4 Re8 24. f3 Bd7 25. Qd4 Nxa4 26. b3 Nc5 27. b4 Nxe4 28.
dxe4 f5 29. exf5 Qxf5 30. Ne3 Qg6 31. Kh2 Bb5 32. Rc3 Qf7 33. Bg3 Be7 34. Rxc7
Bf6 35. Qa7 Qg6 36. Nc4 h5 37. Qf2 Qg5 38. h4 Qxd5 39. Nxd6 Re2 40. Rc8+ Kh7
41. Qf1 Bxh4 42. Nxb5 Bxg3+ 43. Kxg3 Qg5+ 44. Kh3 h4 45. Qb1+ g6 46. Rc7+ Kh6
47. Qc1 Rd2 48. Qxd2 Qxd2 49. Rc4 g5 50. Nd4 Qf4 51. Rc6+ Kh7 52. Ne2 Qf5+ 53.
Kh2 Qe5+ 54. f4 gxf4 0-1

[Event "BL 0405 SV Mülheim Nord - SF Katernberg"]
[Site "?"]
[Date "2005.01.28"]
[Round "7.5"]
[White "Thesing, Matthias"]
[Black "Lytchak, Alexander Dr"]
[Result "1-0"]
[WhiteElo "2420"]
[BlackElo "2436"]
[PlyCount "71"]
[EventDate "2005.??.??"]

1. e4 c6 2. c4 d5 3. cxd5 cxd5 4. exd5 Nf6 5. Nc3 Nxd5 6. Nf3 Nc6 7. d4 Nxc3 8.
bxc3 e6 9. Bd3 Be7 10. O-O O-O 11. Re1 Bf6 12. h4 Bxh4 13. Nxh4 Qxh4 14. Re4
Qd8 15. Qh5 g6 16. Qh6 Qf6 17. Rh4 Qh8 18. Bg5 Re8 19. Rf4 f5 20. Qh4 h5 21.
Re1 Bd7 22. Rf3 Rac8 23. Rfe3 Qg7 24. Bf6 Qh6 25. Bc4 Nd8 26. Bb3 Nf7 27. f4
Nd6 28. Rxe6 Bxe6 29. Rxe6 Nf7 30. Qe1 Qf8 31. Be7 Qg7 32. Ba4 Red8 33. Bxd8
Rxd8 34. Re7 Rd6 35. Bb3 Rf6 36. Qe5 1-0

[Event "BL 0405 SV Mülheim Nord - SF Katernberg"]
[Site "?"]
[Date "2005.01.28"]
[Round "7.6"]
[White "Hausrath, Daniel"]
[Black "Scholz, Christian"]
[Result "1-0"]
[WhiteElo "2478"]
[BlackElo "2396"]
[PlyCount "140"]
[EventDate "2005.??.??"]

1. Nf3 Nf6 2. g3 g6 3. Bg2 Bg7 4. O-O O-O 5. d4 d6 6. Nc3 Nc6 7. d5 Nb4 8. a3
Na6 9. Nd4 Nc5 10. e4 e5 11. dxe6 fxe6 12. Be3 e5 13. Nde2 Ncd7 14. h3 Nb6 15.
a4 Be6 16. a5 Nc4 17. Bg5 Nxb2 18. Qb1 Nc4 19. Qxb7 Rb8 20. Qc6 Qd7 21. Qxd7
Nxd7 22. Bc1 Nc5 23. Rd1 Na6 24. Nd5 Bxd5 25. exd5 Rb5 26. Nc3 Rxa5 27. Bg5 e4
28. Rxa5 Nxa5 29. Nxe4 Nb7 30. Be3 Nbc5 31. Ng5 Rb8 32. Ne6 Be5 33. Bf1 Nxe6
34. dxe6 Nb4 35. Bc4 Kf8 36. Bxa7 Ra8 37. Be3 Nxc2 38. Bg5 c6 39. f4 Bd4+ 40.
Kh1 Bc5 41. f5 gxf5 42. e7+ Kg7 43. Be6 h6 44. Bh4 d5 45. Bd7 Bxe7 46. Bxe7 Ra7
47. Bc5 Rxd7 48. Rc1 d4 49. Rxc2 d3 50. Rd2 Kf6 51. Kg2 Rd5 52. Ba3 Ke5 53. Kf3
Kd4 54. Bb2+ Kc4 55. Bg7 h5 56. Rd1 c5 57. Ke3 Rd8 58. Rc1+ Kb4 59. Bc3+ Kb5
60. Bd2 c4 61. Ra1 Re8+ 62. Kd4 Re4+ 63. Kd5 h4 64. Rb1+ Ka4 65. g4 Ka3 66.
gxf5 Re2 67. Bc3 Ka2 68. Rb8 Rf2 69. f6 Rf4 70. Ke6 Re4+ 1-0

[Event "BL 0405 SV Mülheim Nord - SF Katernberg"]
[Site "?"]
[Date "2005.01.28"]
[Round "7.7"]
[White "Souleidis, Georgios"]
[Black "Wegener, Olaf"]
[Result "1-0"]
[WhiteElo "2401"]
[BlackElo "2417"]
[PlyCount "95"]
[EventDate "2005.??.??"]

1. e4 c5 2. Nf3 d6 3. d4 cxd4 4. Nxd4 Nf6 5. Nc3 a6 6. g3 e5 7. Nde2 Nbd7 8.
Bg2 b5 9. O-O Be7 10. h3 Bb7 11. g4 b4 12. Nd5 Nxd5 13. exd5 h5 14. Ng3 hxg4
15. hxg4 g6 16. a3 a5 17. Be3 Rh4 18. Bf3 Nb6 19. b3 Bg5 20. Bxg5 Qxg5 21. axb4
axb4 22. Rxa8+ Bxa8 23. Qd3 Qd8 24. Qb5+ Ke7 25. Ra1 Qc7 26. Ra6 Bxd5 27. Bxd5
Nxd5 28. Qxd5 Rxg4 29. Rc6 Qb8 30. Rc4 Rxc4 31. Qxc4 f5 32. Nf1 f4 33. Nd2 Qb7
34. Qd3 Qc8 35. Qxg6 Qc3 36. Qg7+ Ke6 37. Qg6+ Ke7 38. Ne4 Qd4 39. Qg7+ Kd8 40.
Nf6 Kc8 41. Qd7+ Kb8 42. Qc6 Ka7 43. Kg2 Qd2 44. Ne4 f3+ 45. Kxf3 Qd1+ 46. Kg2
Qg4+ 47. Ng3 Qd4 48. Qe4 1-0

[Event "BL 0405 SV Mülheim Nord - SF Katernberg"]
[Site "?"]
[Date "2005.01.28"]
[Round "7.8"]
[White "Sielecki, Christof"]
[Black "Siebrecht, Sebastian"]
[Result "1/2-1/2"]
[WhiteElo "2375"]
[BlackElo "2366"]
[PlyCount "41"]
[EventDate "2005.??.??"]

1. d4 Nf6 2. c4 g6 3. Nc3 Bg7 4. e4 O-O 5. Bg5 c5 6. d5 d6 7. Qd2 b5 8. cxb5 a6
9. a4 Qa5 10. Bd3 Bd7 11. Rc1 Qb4 12. Nf3 axb5 13. axb5 c4 14. Be2 Bxb5 15.
Nxb5 Qxb5 16. Bxc4 Qb7 17. Bxf6 Bxf6 18. b3 Nd7 19. O-O Qb6 20. Rfe1 Rfb8 21.
Qe3 1/2-1/2

[Event "BL 0405 Hamburger SK - Erfurter SK"]
[Site "?"]
[Date "2004.12.12"]
[Round "6.1"]
[White "Haba, Petr"]
[Black "Gustafsson, Jan"]
[Result "1/2-1/2"]
[WhiteElo "2520"]
[BlackElo "2603"]
[PlyCount "42"]
[EventDate "2004.??.??"]

1. e4 e5 2. Nf3 Nc6 3. Bb5 a6 4. Ba4 Nf6 5. O-O Be7 6. Re1 b5 7. Bb3 O-O 8. c3
d5 9. exd5 Nxd5 10. Nxe5 Nxe5 11. Rxe5 c6 12. d4 Bd6 13. Re1 Qh4 14. g3 Qh3 15.
Be3 Bg4 16. Qd3 Rae8 17. Nd2 Qh5 18. a4 Bf5 19. Qe2 Bg4 20. Qd3 Bf5 21. Qe2 Bg4
1/2-1/2

[Event "BL 0405 Hamburger SK - Erfurter SK"]
[Site "?"]
[Date "2004.12.12"]
[Round "6.2"]
[White "Kempinski, Robert"]
[Black "Votava, Jan"]
[Result "1/2-1/2"]
[WhiteElo "2608"]
[BlackElo "2505"]
[PlyCount "108"]
[EventDate "2004.??.??"]

1. d4 Nf6 2. c4 g6 3. g3 c6 4. Nf3 Bg7 5. Bg2 O-O 6. O-O d5 7. b3 a5 8. e3 b5
9. Nbd2 Ba6 10. Qc2 Nbd7 11. Rd1 Qb8 12. Ba3 Re8 13. Rac1 a4 14. cxd5 cxd5 15.
Bb4 e6 16. Ne1 e5 17. dxe5 Qxe5 18. Nd3 Qf5 19. Nf4 Qxc2 20. Rxc2 Rac8 21. Rxc8
Rxc8 22. Nxd5 Nxd5 23. Bxd5 Rc2 24. Ne4 Bf8 25. Bxf8 Kxf8 26. b4 Nb6 27. Nc5
Bc8 28. Bc6 Rxa2 29. Bxb5 a3 30. Kg2 Rb2 31. Nd3 Bb7+ 32. Kf1 Be4 33. Ra1 Bxd3+
34. Bxd3 a2 35. e4 Ke7 36. Kg2 Kd6 37. b5 Ke5 38. Rd1 Na4 39. Ra1 Nc3 40. Bc4
Rb1 41. Rxa2 Nxa2 42. Bxa2 Rxb5 43. Bxf7 Kxe4 44. h4 Rc5 45. Bg8 Rc7 46. Be6
Kd3 47. Kf3 Rc6 48. Bg8 h6 49. Kg4 Rc5 50. Bf7 h5+ 51. Kh3 Rc6 52. g4 Rf6 53.
gxh5 gxh5 54. Bxh5 Rxf2 1/2-1/2

[Event "BL 0405 Hamburger SK - Erfurter SK"]
[Site "?"]
[Date "2004.12.12"]
[Round "6.3"]
[White "Kuczynski, Robert"]
[Black "Ftacnik, Lubomir"]
[Result "1/2-1/2"]
[WhiteElo "2475"]
[BlackElo "2533"]
[PlyCount "58"]
[EventDate "2004.??.??"]

1. e4 c5 2. Nf3 d6 3. d4 cxd4 4. Nxd4 Nf6 5. Nc3 a6 6. Be2 e6 7. O-O Be7 8. f4
Qc7 9. Kh1 Nc6 10. a4 O-O 11. Be3 Re8 12. Bf3 Bf8 13. Nb3 b6 14. a5 Nd7 15.
axb6 Nxb6 16. Be2 Bb7 17. Qe1 Nd7 18. Qf2 g6 19. Rfd1 Bg7 20. Bf3 Rad8 21. Rd2
Ne7 22. Rd3 f5 23. Rad1 Bxc3 24. Rxc3 Qb8 25. exf5 Nxf5 26. Bxb7 Qxb7 27. Nd4
Nf6 28. Nxf5 exf5 29. Rb3 Qf7 1/2-1/2

[Event "BL 0405 Hamburger SK - Erfurter SK"]
[Site "?"]
[Date "2004.12.12"]
[Round "6.4"]
[White "Hansen, Sune Berg"]
[Black "Machelett, Heiko"]
[Result "1-0"]
[WhiteElo "2551"]
[BlackElo "2401"]
[PlyCount "45"]
[EventDate "2004.??.??"]

1. e4 c5 2. Nf3 e6 3. d4 cxd4 4. Nxd4 a6 5. Nc3 Nc6 6. Be3 Nge7 7. Nb3 Ng6 8.
g3 Be7 9. Na4 O-O 10. Nb6 Rb8 11. f4 d6 12. Qd2 Qc7 13. Bg2 Rd8 14. O-O Nf8 15.
Qf2 Nb4 16. Rfd1 Nd7 17. c3 Nc6 18. c4 Re8 19. Rac1 Bf8 20. Rd2 Nd8 21. Nxd7
Bxd7 22. Bb6 Qc8 23. e5 1-0

[Event "BL 0405 Hamburger SK - Erfurter SK"]
[Site "?"]
[Date "2004.12.12"]
[Round "6.5"]
[White "Casper, Thomas"]
[Black "Wahls, Matthias"]
[Result "1/2-1/2"]
[WhiteElo "2412"]
[BlackElo "2551"]
[PlyCount "61"]
[EventDate "2004.??.??"]

1. e4 c5 2. Nf3 d6 3. c3 Nf6 4. h3 Nc6 5. Bd3 d5 6. e5 Nd7 7. Qe2 Qc7 8. e6
fxe6 9. Ng5 Nf6 10. Nxe6 Bxe6 11. Qxe6 Qd7 12. Qxd7+ Kxd7 13. Bc2 e6 14. d3 Bd6
15. Nd2 g5 16. Nf3 h6 17. Be3 Nh5 18. d4 c4 19. b3 b5 20. bxc4 bxc4 21. Rb1 Kc7
22. Kd2 Nf4 23. Ne1 Rab8 24. Rxb8 Nxb8 25. g3 Nh5 26. g4 Nf6 27. f3 Nbd7 28. h4
Rg8 29. hxg5 hxg5 30. Rh6 Bf8 31. Rg6 1/2-1/2

[Event "BL 0405 Hamburger SK - Erfurter SK"]
[Site "?"]
[Date "2004.12.12"]
[Round "6.6"]
[White "Bezold, Michael"]
[Black "Brueggemann, Joachim"]
[Result "1-0"]
[WhiteElo "2532"]
[BlackElo "2404"]
[PlyCount "95"]
[EventDate "2004.??.??"]

1. e4 c5 2. Nf3 Nc6 3. Bb5 e6 4. Bxc6 bxc6 5. d3 Qc7 6. O-O e5 7. Ne1 Nf6 8. f4
Be7 9. Qe2 O-O 10. c4 exf4 11. Bxf4 d6 12. h3 Be6 13. Nc3 Nd7 14. Nf3 Rae8 15.
Rae1 f6 16. Qd2 Ne5 17. Ne2 a5 18. Nc3 Qb6 19. b3 Ra8 20. Na4 Qb4 21. Qe2 Rfe8
22. Bd2 Qb7 23. Nh4 Bf8 24. Bc3 Bf7 25. Qd2 Qc7 26. Rf2 d5 27. Nf3 Ng6 28. Rff1
Red8 29. Qc2 Nf4 30. Nh4 Ne6 31. Qf2 dxc4 32. dxc4 Nd4 33. Nf5 Bd6 34. Nxd6
Qxd6 35. e5 Qf8 36. exf6 g6 37. Re7 Nf5 38. Qxc5 Rd3 39. Qe5 Re3 40. Qc5 Rd3
41. Rfe1 Rc8 42. Qe5 Ra8 43. Nc5 Rg3 44. Ne4 Rd3 45. Rxf7 Qxf7 46. Ng5 Qa7+ 47.
c5 Rxc3 48. f7+ 1-0

[Event "BL 0405 Hamburger SK - Erfurter SK"]
[Site "?"]
[Date "2004.12.12"]
[Round "6.7"]
[White "Voekler, Bernd"]
[Black "Heinemann, Thies"]
[Result "1/2-1/2"]
[WhiteElo "2376"]
[BlackElo "2453"]
[PlyCount "74"]
[EventDate "2004.??.??"]

1. e4 c5 2. Nf3 d6 3. d4 cxd4 4. Nxd4 Nf6 5. Nc3 a6 6. Bg5 Nc6 7. Qd2 e6 8.
O-O-O Bd7 9. f3 Qa5 10. h4 Be7 11. Kb1 Nxd4 12. Qxd4 Rc8 13. Qd2 h6 14. Be3 e5
15. g4 Be6 16. a3 Rxc3 17. Qxc3 Qxc3 18. bxc3 d5 19. exd5 Nxd5 20. Rd3 e4 21.
fxe4 Nxe3 22. Rxe3 Bxa3 23. Be2 Ke7 24. Rd1 Rc8 25. c4 Bc5 26. Rb3 Rc7 27. e5
Bf2 28. h5 b6 29. Rd6 Bxc4 30. Rc3 Ba2+ 31. Kb2 Rxc3 32. Kxc3 Be6 33. Rxe6+
Kxe6 34. Bxa6 Kxe5 35. Bc4 Kf6 36. Kd3 g6 37. Ke4 Bc5 1/2-1/2

[Event "BL 0405 Hamburger SK - Erfurter SK"]
[Site "?"]
[Date "2004.12.12"]
[Round "6.8"]
[White "Langrock, Hannes"]
[Black "Enders, Peter"]
[Result "1/2-1/2"]
[WhiteElo "2407"]
[BlackElo "2456"]
[PlyCount "127"]
[EventDate "2004.??.??"]

1. e4 c5 2. c3 Nf6 3. e5 Nd5 4. d4 cxd4 5. cxd4 Nc6 6. Nf3 d6 7. Bc4 dxe5 8.
dxe5 Nb6 9. Qxd8+ Nxd8 10. Be2 g6 11. Nc3 Bg7 12. Be3 O-O 13. Bxb6 axb6 14. Nd5
Bg4 15. Nxb6 Ra5 16. O-O Nc6 17. Nc4 Rc5 18. Ne3 Be6 19. Ng5 Nd4 20. Bd3 Bxe5
21. Nxe6 Nxe6 22. Rac1 Rfc8 23. Rc4 Rd8 24. Be4 Rxc4 25. Nxc4 Rd4 26. Nxe5 Rxe4
27. Nf3 Re2 28. Rb1 Nf4 29. Kf1 Rc2 30. Ne1 Rc4 31. g3 Nd5 32. Ke2 f6 33. Rd1
e6 34. Rd2 Kf7 35. Nc2 Re4+ 36. Ne3 Nxe3 37. fxe3 Ke7 38. Kf3 Rc4 39. Rd3 b5
40. Rb3 Rc5 41. Rb4 f5 42. h4 h5 43. b3 Rc2 44. Rxb5 Rxa2 45. e4 Kd6 46. Rb8
Rc2 47. exf5 gxf5 48. Kf4 Rf2+ 49. Kg5 Rf3 50. Kf6 Rxg3 51. Rb6+ Kd5 52. Rxe6
f4 53. Re5+ Kd4 54. Rxh5 Rxb3 55. Rf5 Ke4 56. Re5+ Kd4 57. Rf5 f3 58. h5 Ke4
59. Re5+ Kf4 60. Rf5+ Kg4 61. Rg5+ Kh4 62. Rf5 Rb6+ 63. Kg7 Kg4 64. Rxf3
1/2-1/2

[Event "BL 0405 Preetzer TSV - SV Werder Bremen"]
[Site "?"]
[Date "2004.12.12"]
[Round "6.1"]
[White "Hracek, Zbynek"]
[Black "Rasmussen, Karsten"]
[Result "1-0"]
[WhiteElo "2595"]
[BlackElo "2462"]
[PlyCount "71"]
[EventDate "2004.??.??"]

1. e4 c6 2. d4 d5 3. Nc3 dxe4 4. Nxe4 Bf5 5. Ng3 Bg6 6. h4 h6 7. Nf3 Nd7 8. h5
Bh7 9. Bd3 Bxd3 10. Qxd3 e6 11. Bf4 Ngf6 12. O-O-O Nd5 13. Bd2 Nb4 14. Qb3 a5
15. Kb1 a4 16. Qe3 Nd5 17. Qe2 b5 18. Ne4 Qb6 19. Rh3 b4 20. Ne5 Nxe5 21. dxe5
b3 22. cxb3 a3 23. Be3 Qc7 24. Qc4 axb2 25. Bd4 Ba3 26. Bc5 Bxc5 27. Qxc5 Ra5
28. Nd6+ Kd7 29. Qc2 Qa7 30. Rf3 f5 31. a4 Rb8 32. g4 Rc5 33. Nc4 f4 34. Rxf4
Ke7 35. Qg6 Nc3+ 36. Kc2 1-0

[Event "BL 0405 Preetzer TSV - SV Werder Bremen"]
[Site "?"]
[Date "2004.12.12"]
[Round "6.2"]
[White "Pedersen, Steffen"]
[Black "Pelletier, Yannick"]
[Result "1-0"]
[WhiteElo "2441"]
[BlackElo "2589"]
[PlyCount "49"]
[EventDate "2004.??.??"]

1. d4 Nf6 2. c4 e6 3. Nf3 b6 4. a3 Bb7 5. Nc3 d5 6. cxd5 Nxd5 7. Qc2 Nxc3 8.
bxc3 Be7 9. e4 O-O 10. Bd3 c5 11. O-O Qc7 12. Qe2 Nc6 13. Bb2 Rfd8 14. Rad1 Na5
15. Ne5 Bd6 16. f4 f6 17. Ng4 h5 18. Nxf6+ gxf6 19. e5 c4 20. Bg6 Qg7 21. Qxh5
Bf8 22. exf6 Qh6 23. Qg4 Kh8 24. Rde1 Bxa3 25. Re3 1-0